00431nam a2200121Ia 4500008004100000024004400041082001900085100006100104245005200165260002500217600003400242650003300276250506s9999 xx 000 0 und d a07A-013-TE, 07B-054-TE & 07B-053-TE a629.366072 PER aSyed Wajahat Pervez, Danish Iqbal & Mohammad Wajahat Ali 0aVision Based Intelligent Traffic Control System aKarachi:bUIT,c2007 aTelecommunication Engineering aBachelor of Engineering (BE)